书目信息 |
| 题名: |
电子电路问答
|
|
| 作者: | 茂木晃 著 ;《电子电路问答》翻译组 译 | |
| 分册: | ||
| 出版信息: | 北京 机械工业出版社 1983 |
|
| 页数: | 458页 | |
| 开本: | 19cm | |
| 丛书名: | ||
| 单 册: | ||
| 中图分类: | TN710-44 , TN7 | |
| 科图分类: | ||
| 主题词: | 电子电路--问答 , 电子电路 | |
| 电子资源: | ||
| ISBN: | ||
| 000 | 00787nam0 2200277 45 | |
| 001 | 0183000688 | |
| 005 | 20040706175347.4 | |
| 010 | @dCNY1.50 | |
| 091 | @a15083.5370 | |
| 100 | @a19950726d1983 em y0chiy0121 ea | |
| 101 | 1 | @achi@cjpn |
| 102 | @aCN@b110000 | |
| 105 | @ay z 000yy | |
| 106 | @ar | |
| 200 | 10 | @a电子电路问答@Adian zi dian lu wen da@f(日)茂木晃著@g《电子电路问答》翻译组译 |
| 210 | @a北京@c机械工业出版社@d1983 | |
| 215 | @a458页@d19cm | |
| 606 | @a电子电路@x问答 | |
| 606 | 0 | @a电子电路 |
| 690 | @aTN710-44@v3 | |
| 690 | @aTN7@v3 | |
| 701 | 0 | @a茂木晃@Amao mu huang@4著 |
| 712 | 02 | @a《电子电路问答》翻译组@A《Dian Zi Dian Lu Wen Da》Fan Yi Zu@4译 |
| 801 | 0 | @aCN@b上海图书馆@c20040517 |
| 801 | 2 | @aCN@bNLC@c20040517 |
| 905 | @dTN7@e123@f1@b227972 | |
| 电子电路问答/(日)茂木晃著/《电子电路问答》翻译组译.-北京:机械工业出版社,1983 |
| 458页;19cm |
| ISBN :CNY1.50 |
| ● |
| 相关链接 |
|
|
|
|
正题名:电子电路问答
索取号:TN7/123
 
预约/预借
| 序号 | 登录号 | 条形码 | 馆藏地/架位号 | 状态 | 备注 |
| 1 | 0227971 | 001320779 | 第三借阅区/ [索取号:TN7/123] | 在馆 | |
| 2 | 0227972 | 001952532 | 第三借阅区/ [索取号:TN7/123] | 在馆 | |
| 3 | 0227973 | 202279738 0013 | 第二样本阅览室/ [索取号:TN7/123] | 在馆 |